000
00399nam a22001697a 4500
003
MPLRDC
005
20220104123656.0
008
210129b ||||| |||| 00| 0 eng d
082
_a
177 SCYF
100
_a
丝川英夫
245
_a
厚黑时间术
_c
天王译
250
_a
初版
260
_a
_b
培琳出版社
_c
1994
300
_b
平
650
_a
应用心理学
942
_c
BK
_o
177 SCYF
999
_c
13308
_d
13298